|
|
|
|
| LEADER |
01346nab#a2200445#ar4500 |
| 001 |
000127310 |
| 003 |
SVKKK |
| 005 |
20190809091121.0 |
| 008 |
190809c2019 xo |||||||||||||||b|eng |
| FMT |
|
|
|
| 015 |
|
|
|a SNBRB2019/08
|
| 038 |
|
|
|a SVKKK
|
| 040 |
|
|
|a SVKKK
|b slo
|e AACR2
|
| 041 |
0 |
|
|a eng
|b eng
|
| 044 |
|
|
|a xo
|c SK
|
| 080 |
|
|
|a 661.8
|2 2011
|
| 080 |
|
|
|a 621.785
|2 2011
|
| 242 |
1 |
0 |
|a Príprava kompozitu Cu matrice vystuženého s in-situ nanočasticovým Al2O3 práškom na báze dusičnanov kovov
|y slo
|
| 245 |
0 |
0 |
|a Preparation of Cu matrix composite reinforced with in-situ nanosized Al2O3 particle powder from metal nitrates
|c Hai Minh Le ... [et al.]
|
| 300 |
|
|
|b Obr., tab.
|
| 504 |
|
|
|a Bibliogr. odkazy
|
| 546 |
|
|
|a Res. angl.
|
| 650 |
0 |
4 |
|a nanokompozity
|
| 650 |
0 |
4 |
|a syntéza spaľovania
|
| 650 |
0 |
4 |
|a redukcia
|
| 700 |
1 |
|
|a Le, Hai Minh
|4 aut
|
| 700 |
1 |
|
|a Nguyen, Yen Ngoc
|4 aut
|
| 700 |
1 |
|
|a Truong, Duong Tien Hoang
|4 aut
|
| 700 |
1 |
|
|a Vu, Huy Duc
|4 aut
|
| 700 |
1 |
|
|a Nguyen, Hai Hong
|4 aut
|
| 700 |
1 |
|
|a Dang, Khanh Quoc
|4 aut
|
| 773 |
0 |
|
|t Acta Metallurgica Slovaca
|g Roč. 25, č. 1 (2019), s. 41-47
|x 1338-1156
|
| 958 |
|
|
|a NB
|
| 974 |
|
|
|a DZA
|
| 992 |
|
|
|a RBX
|
| BAS |
|
|
|
| 852 |
|
|
|a SVKKK
|b BIB
|
| 856 |
4 |
1 |
|u http://www.qip-journal.eu/index.php/ams/article/view/1215
|
| EXP |
|
|
|
| 998 |
|
|
|a HUT
|